Stade de foot par image #1 - Statistiques

Statistiques générales
  • Ce quiz a été pris 506 fois
  • Le résultat moyen est 9 sur 16
Statistiques - réponses
Par images Réponse % Correct
Parc des princes
98%
Camp nou
89%
Orange vélodrome
87%
Allianz arena
86%
San siro
78%
Anfield
68%
Santiago bernabeu
67%
Etihad stadium
52%
Signal iduna park
52%
La bombonera
46%
Stamford bridge
40%
Emirates stadium
34%
Juventus stadium
31%
Wanda metropolitano
24%
Johan cruyff arena
15%
Stadio diego armando maradona
14%
Aucun quiz correspondant
Distribution des résultats
% des personnes avec chaque résultat
Percentile par nombre de réponses
Votre historique - résultats
Vous n’avez pas pris ce quiz